| 000 | 00812nam a2200265Ia 4500 | ||
|---|---|---|---|
| 003 | OSt | ||
| 005 | 20220925231744.0 | ||
| 006 | a|||||r|||| 00| 0 | ||
| 007 | ta | ||
| 008 | 220923b |||||||| |||| 00| 0 eng d | ||
| 020 | _a7139 0056 3 | ||
| 037 | _cGeneral Book | ||
| 040 |
_aRTL _cRTL _beng |
||
| 041 |
_2eng _aeng |
||
| 082 | _aX:3M24xM18.4.N6, K9 | ||
| 100 |
_aD'encausse Helene _9296072 |
||
| 245 | 0 |
_aMarxiam and Asia _b an introduction with readings |
|
| 260 |
_aMaryland _bPenguin Books _c1969 |
||
| 300 |
_ax, 404p _ccm. |
||
| 500 | _aBibliography p 375-79 | ||
| 650 |
_aEconomics Classes Karl Marx _9230895 |
||
| 700 |
_a Schramq Stuart R _9296073 |
||
| 942 |
_hX:3M24xM18.4.N6, K9 _cGB _2CC |
||
| 999 |
_c589387 _d589387 |
||